| 000 | 00376nam a2200145 a 4500 | ||
|---|---|---|---|
| 001 | 729 | ||
| 003 | CDMR | ||
| 005 | 20130116135157.0 | ||
| 008 | 130130s1965||||||||||||||||||||||||||||d | ||
| 040 |
_aCDMR _bcat _cCDMR |
||
| 100 | 1 |
_aMugica Berrondo, Plácido _9565 |
|
| 245 | 1 | 0 | _aDiccionario castellano-vasco |
| 260 |
_aBilbao _c1965 _bEl Mensajero del Corazón de Jesús |
||
| 942 | _cMON | ||
| 999 |
_c729 _d729 |
||